[Event "CZE-chT2F 2122"]
[Site "Czech Republic"]
[Date "2022.01.30"]
[Round "7.7"]
[White "Zidek, Daniel"]
[Black "Didi, Jan"]
[Result "0-1"]
[WhiteElo "1762"]
[BlackElo "2028"]
[PlyCount "82"]
[EventDate "2021.10.17"]
[EventType "team-tourn"]
[EventRounds "11"]
[EventCountry "CZE"]
[SourceTitle "EXT 2024"]
[Source "ChessBase"]
[SourceDate "2023.10.10"]
[SourceVersion "1"]
[SourceVersionDate "2023.10.10"]
[SourceQuality "1"]
[WhiteTeam "Frydek Mistek III"]
[BlackTeam "Ostrava"]
[WhiteTeamCountry "CZE"]
[BlackTeamCountry "CZE"]

1. d4 d5 2. c4 e6 3. Nf3 Nf6 4. Bg5 Be7 5. e3 0-0 6. Nc3 b6 7. cxd5 exd5 8. h3 Bb7 9. Bd3 Nbd7 10. 0-0 c5 11. Rc1 Rc8 12. Bb1 c4 13. Qc2 Re8 14. Rfe1 Ne4 15. Bxe7 Qxe7 16. Nd2 f5 17. Ncxe4 fxe4 18. f4 b5 19. a3 a5 20. Qd1 Nb6 21. g4 b4 22. axb4 axb4 23. g5 b3 24. Nf1 Na4 25. Re2 Ba6 26. Rf2 Qb4 27. f5 Rf8 28. Qh5 Qd6 29. g6 h6 30. f6 Rxf6 31. Rxf6 gxf6 32. Qxh6 Rc7 33. Qf4 Qxf4 34. exf4 Nxb2 35. Ne3 Bb7 36. h4 c3 37. Ng4 Kg7 38. h5 Bc8 39. Ne3 Nd3 40. Bxd3 exd3 41. Nxd5 d2 0-1

[Event "CZE-chT2F 1920"]
[Site "Czech Republic"]
[Date "2019.11.17"]
[Round "3.8"]
[White "Zidek, Daniel"]
[Black "Beran, Petr"]
[Result "1/2-1/2"]
[WhiteElo "1752"]
[BlackElo "2008"]
[PlyCount "39"]
[EventDate "2019.10.13"]
[EventType "team-tourn"]
[EventRounds "11"]
[EventCountry "CZE"]
[SourceTitle "EXT 2024"]
[Source "ChessBase"]
[SourceDate "2023.10.10"]
[SourceVersion "1"]
[SourceVersionDate "2023.10.10"]
[SourceQuality "1"]
[WhiteTeam "Frydek Mistek  III"]
[BlackTeam "Havirov Slovan"]
[WhiteTeamCountry "CZE"]
[BlackTeamCountry "CZE"]

1. d4 d5 2. c4 c6 3. Nf3 Nf6 4. Nc3 e6 5. Bg5 Nbd7 6. e3 Qa5 7. Bxf6 Nxf6 8. a3 Ne4 9. Qc1 Nxc3 10. Qxc3 Qxc3+ 11. bxc3 Bd6 12. cxd5 exd5 13. Bd3 0-0 14. 0-0 Bg4 15. Nd2 Rfe8 16. c4 dxc4 17. Nxc4 Bc7 18. a4 Be6 19. Rfb1 Bxc4 20. Bxc4 1/2-1/2

[Event "CZE-chT U18 Extraliga final-B 1819"]
[Site "Czech Republic"]
[Date "2019.04.12"]
[Round "8.1"]
[White "Vitak, Jiri"]
[Black "Zidek, Daniel"]
[Result "1-0"]
[WhiteElo "2064"]
[BlackElo "1786"]
[PlyCount "83"]
[EventDate "2018.10.05"]
[EventType "team-tourn"]
[EventRounds "11"]
[EventCountry "CZE"]
[SourceTitle "EXT 2023"]
[Source "ChessBase"]
[SourceDate "2022.10.05"]
[SourceVersion "1"]
[SourceVersionDate "2022.10.05"]
[SourceQuality "1"]
[WhiteTeam "Liberec Desko (U18)"]
[BlackTeam "Frydek Mistek BSS (U18) II"]
[WhiteTeamCountry "CZE"]
[BlackTeamCountry "CZE"]

1. d4 Nf6 2. c4 g6 3. Nc3 Bg7 4. e4 d6 5. f3 0-0 6. Be3 Nbd7 7. Nge2 c5 8. Qd2 cxd4 9. Nxd4 Ne5 10. Be2 a6 11. 0-0 Bd7 12. Rfc1 Rc8 13. b3 Nc6 14. Rab1 Nxd4 15. Bxd4 Be6 16. Be3 Qc7 17. Na4 Nd7 18. b4 b6 19. Nc3 Qb7 20. Nd5 Bxd5 21. Qxd5 Qxd5 22. cxd5 b5 23. f4 f5 24. exf5 gxf5 25. Bd3 Nf6 26. Bxf5 Rxc1+ 27. Rxc1 Ra8 28. Be6+ Kf8 29. Bd2 Ne4 30. Be1 Bd4+ 31. Kf1 Be3 32. Rc8+ Rxc8 33. Bxc8 Bxf4 34. Bxa6 Nf6 35. g3 Be3 36. Bxb5 Nxd5 37. Bc6 Nc7 38. a4 d5 39. b5 d4 40. b6 Na6 41. b7 d3 42. Bb5 1-0

[Event "CZE-chT U18 Extraliga Ost 1819"]
[Site "Czech Republic"]
[Date "2019.01.19"]
[Round "6.1"]
[White "Zidek, Daniel"]
[Black "Sramek, Vojtech"]
[Result "1/2-1/2"]
[WhiteElo "1786"]
[BlackElo "2103"]
[PlyCount "134"]
[EventDate "2018.10.05"]
[EventType "team-tourn"]
[EventRounds "11"]
[EventCountry "CZE"]
[SourceTitle "EXT 2023"]
[Source "ChessBase"]
[SourceDate "2022.10.05"]
[SourceVersion "1"]
[SourceVersionDate "2022.10.05"]
[SourceQuality "1"]
[WhiteTeam "Frydek Mistek BSS (U18) II"]
[BlackTeam "Orlova Slavia (U18)"]
[WhiteTeamCountry "CZE"]
[BlackTeamCountry "CZE"]

1. d4 Nf6 2. c4 c5 3. Nf3 cxd4 4. Nxd4 e5 5. Nb5 d5 6. cxd5 Bc5 7. e3 0-0 8. Be2 Nbd7 9. N5c3 e4 10. Nd2 Re8 11. Qc2 Qe7 12. 0-0 a6 13. a4 Qe5 14. Nc4 Qg5 15. Rd1 Nf8 16. Kh1 Qh4 17. g3 Qh6 18. Nd2 Bf5 19. Rg1 N8d7 20. g4 Bd6 21. Nf1 Bxg4 22. Bxg4 Nxg4 23. Rxg4 Ne5 24. Rg2 Nf3 25. Qe2 Qh3 26. Ng3 Nh4 27. Rg1 Nf3 28. Rg2 Nh4 29. Qf1 Bxg3 30. fxg3 Nxg2 31. Qxg2 Qf5 32. Bd2 Qe5 33. Qe2 Rab8 34. b4 Rbc8 35. Rc1 Re7 36. Be1 Rec7 37. Qd2 f5 38. Na2 Rxc1 39. Nxc1 Qa1 40. d6 Qxa4 41. Qd5+ Kh8 42. Nb3 Rd8 43. Bc3 Qb5 44. Qxb5 axb5 45. Be5 Kg8 46. Nc5 b6 47. Ne6 Rd7 48. Nc7 Kf7 49. Nxb5 Ke6 50. Bf4 h6 51. h4 Kd5 52. Nc7+ Kc4 53. b5 g5 54. hxg5 hxg5 55. Bxg5 Rxd6 56. Bf4 Rd2 57. Be5 Rd7 58. Kg2 Kb4 59. g4 fxg4 60. Kg3 Kc4 61. Kxg4 Kd3 62. Bf4 Rf7 63. Nd5 Kc4 64. Nxb6+ Kxb5 65. Nc8 Kc6 66. Nd6 Rxf4+ 67. Kxf4 Kxd6 1/2-1/2

[Event "CZE-ch U12"]
[Site "Kouty nad Desnou"]
[Date "2013.03.14"]
[Round "7"]
[White "Zidek, Daniel"]
[Black "Dolansky, Lukas"]
[Result "0-1"]
[WhiteElo "1543"]
[BlackElo "1506"]
[PlyCount "150"]
[EventDate "2013.03.09"]
[EventType "swiss"]
[EventRounds "9"]
[EventCountry "CZE"]
[SourceTitle "EXT 2015"]
[Source "ChessBase"]
[SourceDate "2014.11.20"]
[SourceVersion "1"]
[SourceVersionDate "2014.11.20"]
[SourceQuality "1"]

1. d4 d5 2. c4 e6 3. Nf3 Nf6 4. Bg5 Be7 5. Nc3 0-0 6. e3 Nbd7 7. cxd5 exd5 8. Bd3 c6 9. 0-0 Re8 10. Qc2 Nf8 11. Rac1 Ng6 12. Nh4 Be6 13. Nxg6 fxg6 14. Ne2 Nh5 15. Bxe7 Qxe7 16. Kh1 Rf8 17. Ng1 Bf5 18. Nf3 Rae8 19. Ne5 Nf6 20. Qd2 Bxd3 21. Nxd3 Ne4 22. Qe2 Qh4 23. Kg1 Rf5 24. Ne1 Ref8 25. Nf3 Qg4 26. Kh1 Ng5 27. h3 Nxh3 28. gxh3 Qxf3+ 29. Qxf3 Rxf3 30. Kg2 R3f5 31. Rc3 Kf7 32. f3 Rb8 33. Rfc1 Rf6 34. Ra3 a6 35. Rcc3 Ke7 36. Rcb3 Rff8 37. Rc3 Kd7 38. b4 Ra8 39. h4 h6 40. Rc1 Rae8 41. f4 Rf5 42. Rg1 Rh5 43. Kh3 Re6 44. Rc3 Rf5 45. Rg3 Rf8 46. Rc1 Rfe8 47. Re1 R8e7 48. Kg2 Kc7 49. a4 Kb6 50. Kf2 a5 51. bxa5+ Kxa5 52. Ra1 Re8 53. Ra3 Ra8 54. Rg1 Ra6 55. Rb1 Rb6 56. Rxb6 Kxb6 57. Rb3+ Ka6 58. Ke2 g5 59. hxg5 hxg5 60. fxg5 Rg6 61. Rb1 Rxg5 62. Rf1 b5 63. axb5+ cxb5 64. Rf8 Ka5 65. Ra8+ Kb4 66. Kd3 Kb3 67. Rb8 b4 68. Rb5 g6 69. Rb6 Ka3 70. Ra6+ Kb2 71. Rb6 b3 72. Rb5 Rg2 73. Rxd5 Kc1 74. Rb5 Rd2+ 75. Kc3 b2 0-1

[Event "CZE-ch U12"]
[Site "Kouty nad Desnou"]
[Date "2013.03.13"]
[Round "6"]
[White "Pastrnek, Michal"]
[Black "Zidek, Daniel"]
[Result "0-1"]
[WhiteElo "1506"]
[BlackElo "1543"]
[PlyCount "40"]
[EventDate "2013.03.09"]
[EventType "swiss"]
[EventRounds "9"]
[EventCountry "CZE"]
[SourceTitle "EXT 2015"]
[Source "ChessBase"]
[SourceDate "2014.11.20"]
[SourceVersion "1"]
[SourceVersionDate "2014.11.20"]
[SourceQuality "1"]

1. e4 e5 2. Nf3 Nc6 3. d4 exd4 4. c3 Nf6 5. e5 Nd5 6. cxd4 Bb4+ 7. Bd2 Bxd2+ 8. Qxd2 0-0 9. Bc4 Nb6 10. Bb3 d6 11. exd6 Re8+ 12. Kf1 Qxd6 13. d5 Ne5 14. Nxe5 Qxe5 15. Nc3 Bf5 16. f3 Qd6 17. Rd1 Rad8 18. Kf2 c6 19. h3 cxd5 20. Bxd5 Nxd5 0-1

[Event "CZE-ch U12"]
[Site "Kouty nad Desnou"]
[Date "2013.03.11"]
[Round "3"]
[White "Pulpan, Matej"]
[Black "Zidek, Daniel"]
[Result "1-0"]
[WhiteElo "1763"]
[BlackElo "1543"]
[PlyCount "99"]
[EventDate "2013.03.09"]
[EventType "swiss"]
[EventRounds "9"]
[EventCountry "CZE"]
[SourceTitle "EXT 2015"]
[Source "ChessBase"]
[SourceDate "2014.11.20"]
[SourceVersion "1"]
[SourceVersionDate "2014.11.20"]
[SourceQuality "1"]

1. e4 e5 2. Nf3 Nc6 3. Bb5 Nf6 4. 0-0 d6 5. d4 Bd7 6. Re1 Be7 7. Bg5 0-0 8. Nc3 a6 9. Bxc6 Bxc6 10. dxe5 dxe5 11. Nxe5 Be8 12. Qxd8 Bxd8 13. Rad1 h6 14. Bh4 c6 15. f3 Kh7 16. Nc4 b5 17. Nd6 Bb6+ 18. Bf2 Ba5 19. Nxe8 Rfxe8 20. Re3 Bc7 21. Red3 Rad8 22. Rxd8 Rxd8 23. Rxd8 Bxd8 24. Kf1 Nd7 25. Bg3 Bf6 26. Ke2 b4 27. Na4 Kg6 28. c3 a5 29. Bc7 Be5 30. Bxe5 Nxe5 31. cxb4 axb4 32. Nc5 Kf6 33. Nd3 Nc4 34. Nxb4 Nxb2 35. Nxc6 Na4 36. Ke3 Ke6 37. Nd4+ Kf6 38. f4 g6 39. e5+ Ke7 40. g3 h5 41. h3 Nb2 42. g4 hxg4 43. hxg4 Nc4+ 44. Ke4 Na3 45. f5 gxf5+ 46. gxf5 Nb1 47. Kd3 Na3 48. e6 Kf6 49. exf7 Kxf7 50. Kc3 1-0

[Event "Ostrava Konik op-B"]
[Site "Ostrava"]
[Date "2012.05.02"]
[Round "5"]
[White "Blecha, Zdenek"]
[Black "Zidek, Daniel"]
[Result "1-0"]
[WhiteElo "1952"]
[BlackElo "1528"]
[PlyCount "69"]
[EventDate "2012.04.28"]
[EventType "swiss"]
[EventRounds "9"]
[EventCountry "CZE"]
[SourceTitle "CBM 148 Extra"]
[Source "ChessBase"]
[SourceDate "2012.06.22"]
[SourceVersion "1"]
[SourceVersionDate "2012.06.22"]
[SourceQuality "1"]

1. e4 e5 2. Nf3 Nc6 3. d4 exd4 4. Nxd4 Bc5 5. Be3 Qf6 6. c3 Nge7 7. Nc2 Bxe3 8. Nxe3 0-0 9. g3 d6 10. Bg2 Qg6 11. 0-0 Ne5 12. Nd2 N7c6 13. Nd5 f5 14. Nxc7 Rb8 15. exf5 Bxf5 16. f4 Ng4 17. Qb3+ Kh8 18. Rae1 h5 19. Nf3 Bd3 20. Nh4 Qf7 21. Ne6 Na5 22. Qd1 Bxf1 23. Nxf8 Bxg2 24. Nfg6+ Kg8 25. Kxg2 Nc4 26. Qd4 Nce3+ 27. Rxe3 Nxe3+ 28. Qxe3 Qxa2 29. Qe2 Qa4 30. Ne7+ Kf7 31. Nhf5 g6 32. Nxd6+ Kg7 33. Qd3 Kf8 34. Nxg6+ Kg7 35. Ne5 1-0

[Event "Ostrava Konik op-B"]
[Site "Ostrava"]
[Date "2012.04.28"]
[Round "1"]
[White "Kubeczka, Ales"]
[Black "Zidek, Daniel"]
[Result "1-0"]
[WhiteElo "1994"]
[BlackElo "1528"]
[PlyCount "63"]
[EventDate "2012.04.28"]
[EventType "swiss"]
[EventRounds "9"]
[EventCountry "CZE"]
[SourceTitle "CBM 148 Extra"]
[Source "ChessBase"]
[SourceDate "2012.06.22"]
[SourceVersion "1"]
[SourceVersionDate "2012.06.22"]
[SourceQuality "1"]

1. d4 d5 2. c4 c6 3. Nf3 Bg4 4. e3 e6 5. Nc3 Bd6 6. Bd2 Ne7 7. Rc1 0-0 8. h3 Bh5 9. Bd3 Nd7 10. cxd5 Nxd5 11. Ne4 N7f6 12. Nxd6 Qxd6 13. 0-0 Nd7 14. a3 Qc7 15. Bb1 f5 16. g4 Bg6 17. Nh4 Ne7 18. Bb4 Nf6 19. Qb3 Bf7 20. Qd3 Nfd5 21. Bd2 Ng6 22. Nf3 Nde7 23. Bb4 Rfe8 24. Bxe7 Nxe7 25. Ne5 Bg6 26. Qb3 Bf7 27. Nxf7 Kxf7 28. gxf5 Kg8 29. Qxe6+ Kh8 30. Qb3 Nd5 31. Qxd5 Rad8 32. Qf3 1-0

[Event "Kouty nad Desnou op-B"]
[Site "Kouty nad Desnou"]
[Date "2012.03.10"]
[Round "1"]
[White "Mriso, Milos"]
[Black "Zidek, Daniel"]
[Result "1-0"]
[WhiteElo "1771"]
[BlackElo "1528"]
[PlyCount "83"]
[EventDate "2012.03.10"]
[EventType "swiss"]
[EventRounds "9"]
[EventCountry "CZE"]
[SourceTitle "EXT 2013"]
[Source "ChessBase"]
[SourceDate "2012.11.22"]
[SourceVersion "1"]
[SourceVersionDate "2012.11.22"]
[SourceQuality "1"]

1. Nf3 d5 2. b3 Nf6 3. Bb2 Bg4 4. d3 e6 5. Nbd2 Nc6 6. g3 Qd7 7. Bg2 Bd6 8. h3 Bf5 9. Nh4 e5 10. Nxf5 Qxf5 11. e4 dxe4 12. Nxe4 Nxe4 13. Bxe4 Qe6 14. g4 g6 15. Bxc6+ bxc6 16. Qe2 0-0 17. 0-0-0 a5 18. a4 f6 19. f4 Qe7 20. fxe5 fxe5 21. Rhf1 Ba3 22. Rxf8+ Rxf8 23. Rf1 Qg5+ 24. Kb1 Rxf1+ 25. Qxf1 Bxb2 26. Kxb2 Qf4 27. Qg2 Qf6 28. Qe4 Kf7 29. Qc4+ Ke7 30. Qc5+ Kd7 31. Qxa5 h6 32. Qc3 Kc8 33. b4 Kb7 34. Kb3 g5 35. Qe1 Qf4 36. Qe4 Kb6 37. a5+ Kb7 38. b5 Qf7+ 39. Qc4 Qd7 40. bxc6+ Qxc6 41. Qxc6+ Kxc6 42. Kc4 1-0

[Event "CZE-ch U10"]
[Site "Kouty nad Desnou"]
[Date "2010.03.13"]
[Round "9"]
[White "Havelka, Ondrej"]
[Black "Zidek, Daniel"]
[Result "0-1"]
[WhiteElo "1594"]
[BlackElo "1000"]
[PlyCount "114"]
[EventDate "2010.03.06"]
[EventType "swiss"]
[EventRounds "9"]
[EventCountry "CZE"]
[SourceTitle "EXT 2012"]
[Source "ChessBase"]
[SourceDate "2011.11.24"]
[SourceVersion "1"]
[SourceVersionDate "2011.11.24"]
[SourceQuality "1"]

1. e4 e5 2. Nf3 Nc6 3. Bc4 Be7 4. 0-0 d6 5. c3 Bg4 6. d3 Nf6 7. Re1 0-0 8. Nbd2 Qd7 9. Nf1 h5 10. Ne3 Rfe8 11. b4 a6 12. a4 Nd8 13. Bb2 Ne6 14. a5 Nf4 15. Qb3 Ne6 16. Nd2 h4 17. h3 Bh5 18. Nf5 Nh7 19. d4 Rad8 20. f3 Rf8 21. Qa4 c6 22. Kh1 Bg5 23. Rad1 Bxd2 24. Rxd2 Nhg5 25. Bb3 Bxf3 26. Rf2 Bxe4 27. Kh2 Nf4 28. Nxh4 Ngxh3 29. Rff1 g5 30. Rxe4 gxh4 31. dxe5 Qg4 32. Rexf4 Nxf4 33. Bd5 cxd5 34. Qc2 dxe5 35. c4 d4 36. Qf2 Nd3 37. Qd2 Nxb2 38. Qxb2 Qg3+ 39. Kh1 d3 40. Qd2 e4 41. Re1 f5 42. Re3 Qf4 43. c5 Qf1+ 44. Kh2 Qf4+ 45. Kh1 Qg5 46. Qa2+ Kg7 47. Qb2+ Kh6 48. Qd2 Rfe8 49. Kh2 f4 50. Rh3 e3 51. Qe1 d2 52. Qxh4+ Qxh4 53. Rxh4+ Kg5 54. Rh3 d1Q 55. b5 Rh8 56. c6 Rxh3+ 57. gxh3 Rd2# 0-1

[Event "CZE-ch U10"]
[Site "Kouty nad Desnou"]
[Date "2010.03.08"]
[Round "4"]
[White "Zidek, Daniel"]
[Black "Slovak, Kilian"]
[Result "1/2-1/2"]
[WhiteElo "1000"]
[BlackElo "1440"]
[PlyCount "100"]
[EventDate "2010.03.06"]
[EventType "swiss"]
[EventRounds "9"]
[EventCountry "CZE"]
[SourceTitle "EXT 2012"]
[Source "ChessBase"]
[SourceDate "2011.11.24"]
[SourceVersion "1"]
[SourceVersionDate "2011.11.24"]
[SourceQuality "1"]

1. e4 e6 2. d4 d5 3. exd5 exd5 4. Nf3 Nc6 5. c4 Bb4+ 6. Nc3 Nf6 7. a3 Bxc3+ 8. bxc3 0-0 9. Be3 Re8 10. Rb1 Ng4 11. Qd2 Ne7 12. h3 Nxe3 13. fxe3 Nf5 14. Ne5 f6 15. Ng4 h5 16. Nf2 Nxe3 17. Be2 Nxc4 18. Qa2 Qe7 19. g4 Qxa3 20. Qxa3 Nxa3 21. Rb2 hxg4 22. hxg4 Nc4 23. Ra2 Ne3 24. Kd2 Bd7 25. Rh3 Nc4+ 26. Kd1 Ba4+ 27. Kc1 Bb3 28. Bxc4 Bxa2 29. Bxa2 c6 30. Bb1 Re2 31. Nd3 Rae8 32. Nf4 R2e3 33. Bh7+ Kf8 34. Rxe3 Rxe3 35. Kd2 Re4 36. Bxe4 dxe4 37. Ne6+ Ke7 38. Nc5 b6 39. Nxe4 a5 40. Kc2 Ke6 41. c4 g6 42. Kb3 f5 43. gxf5+ gxf5 44. Nc3 f4 45. Kc2 Kf5 46. Kd2 Kg4 47. Ke2 Kf5 48. Kf3 c5 49. d5 Ke5 50. Na4 b5 1/2-1/2

[Event "CZE-ch U10"]
[Site "Kouty nad Desnou"]
[Date "2010.03.07"]
[Round "2"]
[White "Zidek, Daniel"]
[Black "Wagner, Vojtech"]
[Result "1-0"]
[WhiteElo "1000"]
[BlackElo "1409"]
[PlyCount "95"]
[EventDate "2010.03.06"]
[EventType "swiss"]
[EventRounds "9"]
[EventCountry "CZE"]
[SourceTitle "EXT 2012"]
[Source "ChessBase"]
[SourceDate "2011.11.24"]
[SourceVersion "1"]
[SourceVersionDate "2011.11.24"]
[SourceQuality "1"]

1. e4 e5 2. Nf3 Nc6 3. Nc3 Nf6 4. Bb5 Bc5 5. d3 0-0 6. Bg5 a6 7. Bc4 b5 8. Bb3 Bb4 9. 0-0 Bxc3 10. bxc3 Bb7 11. d4 d6 12. a4 Na5 13. dxe5 dxe5 14. Nxe5 Nxb3 15. cxb3 Bxe4 16. Bxf6 gxf6 17. Qg4+ Bg6 18. Rad1 Qe8 19. Nd7 f5 20. Qg3 Qe7 21. Nxf8 Kxf8 22. Rfe1 Qc5 23. Re5 Qa3 24. Qf3 Rb8 25. axb5 axb5 26. Qd5 Ra8 27. h3 f4 28. b4 Rb8 29. Qc5+ Kg7 30. Qxc7 Qa8 31. h4 h5 32. Rg5 Rc8 33. Qxf4 Rc4 34. Qe5+ Kh7 35. Rxg6 Kxg6 36. Qg5+ Kh7 37. Rd8 Qa1+ 38. Kh2 Qxc3 39. Qxh5+ Kg7 40. Rh8 f5 41. Qh7+ Kf6 42. Rf8+ Ke5 43. Qxf5+ Kd6 44. Rd8+ Kc6 45. Qd5+ Kc7 46. Qd7+ Kb6 47. Rb8+ Ka6 48. Qb7# 1-0